000 00303nam a2200121Ia 4500
008 240731s9999 xx 000 0 und d
022 _a2470-4024
245 0 _aEconomic and Political Studies
260 _bRoutledge
856 _uhttps://www.tandfonline.com/loi/reps20
942 _2ddc
942 _cTFEJ
999 _c76341
_d76341
945 _a1
_bMadushi Gamage
_c1
_dMadushi Gamage